How do dinosaurs get well soon? (Record no. 381312)

MARC details
000 -LEADER
fixed length control field 00256nam a2200097Ia 4500
082 ## - DEWEY DECIMAL CLASSIFICATION NUMBER
Classification number EKF YOLE
008 - FIXED-LENGTH DATA ELEMENTS--GENERAL INFORMATION
fixed length control field 210817s9999 xx 000 0 und d
100 ## - MAIN ENTRY--PERSONAL NAME
Personal name YOLEN, Jane London, 2004
9 (RLIN) 93317
245 #0 - TITLE STATEMENT
Title How do dinosaurs get well soon?
942 ## - ADDED ENTRY ELEMENTS
item type Books
Holdings
Withdrawn status Lost status Damaged status Not for loan Home library Current library Date acquired Cost, normal purchase price Total Checkouts Barcode Date last seen Price effective from item type
        Wakkerstroom Wakkerstroom 20.08.2021 546.00   33228017514371 20.08.2021 20.08.2021 Books